| 000 | 01760nam0a2200409 4500 | ||
|---|---|---|---|
| 001 | RU\NLR\bibl\1289560 | ||
| 005 | 20260406153749.0 | ||
| 010 |
_a978-5-17-054929-0 _bАСТ |
||
| 010 |
_a978-5-9713-8947-7 _bАСТ Москва _925000 |
||
| 021 |
_aRU _b2008-73345 _94217 |
||
| 021 |
_aRU _b2008-73198 _94204 |
||
| 021 |
_aRU _b2008-103285 _96076 |
||
| 035 | _a(nilc)IZD\AST\2007\852752 | ||
| 035 | _a(NLR Aleph) 001275248 | ||
| 090 |
_a464404 _c464404 |
||
| 100 | _a20080827d2008 |||y0rusy50 ca | ||
| 101 | 1 |
_arus _ceng |
|
| 102 | _aRU | ||
| 105 | _aa ||||||||| | ||
| 106 | _ar | ||
| 200 | 1 |
_aДети Хурина. Нарн и Хин Хурин _eповесть о детях Хурина _fДж. Р. Р. Толкин _gпод ред. Кристофера Толкина _gил. Алана Ли _g[пер. с англ. С. Лихачевой] |
|
| 210 |
_aМосква _cАСТ _cАСТ Москва _d2008 |
||
| 215 |
_a317 с. _cил. _d21 |
||
| 320 | _aУказ. имен и назв.: 297 с. | ||
| 610 | 0 | _aФантастические романы и рассказы | |
| 686 |
_a84(3)Англ-44 _vТаблицы ББК для детских и школьных библиотек _2rubbk |
||
| 686 |
_a0651 _aЗарубежная фантастика _2TCC-BG |
||
| 686 | _aШ6(4Вл)67-445{Лх1299-62} | ||
| 700 | 1 |
_4070 _8rus _7ca _aТолкин _bД. Р. Р. _f1892-1973 _gДжон Роналд Руэл _3RU\NLR\auth\776532 _9116484 |
|
| 702 | 1 |
_4440 _8rus _7ca _aЛи _bА. _cхудожник _f1947- _gАлан _3RU\NLR\auth\7783533 _966461 |
|
| 801 | 0 |
_aRU _bЛИБНЕТ _c20080827 |
|
| 801 | 1 |
_aRU _bРГДБ _c20080902 |
|
| 801 | 2 |
_aRU _bNLR _c20081030 _grcr |
|
| 830 | _aCODE_OF_LIBNET\000011749 | ||
| 942 | _cBOOK | ||
| 980 | _aNB | ||